[Event "East Lansing (MEX/2)"]
[Site "?"]
[Date "1981.??.??"]
[Round "?"]
[White "Martinovsky, E.."]
[Black "Andrews, R.."]
[Result "1/2-1/2"]
[WhiteElo "2410"]
[BlackElo "2175"]
[PlyCount "100"]
[EventDate "1981.??.??"]

1. d4 Nf6 2. c4 g6 3. Nc3 d5 4. cxd5 Nxd5 5. g3 Nxc3 6. bxc3 Bg7 7. Bg2 O-O 8.
Rb1 Nd7 9. Nf3 c5 10. O-O Nb6 11. Qc2 cxd4 12. cxd4 Bd7 13. Ne5 Ba4 14. Qb2 Rc8
15. Bxb7 Rc2 16. Qb4 Rxe2 17. Rb2 Rxb2 18. Bxb2 Qd6 19. Qa5 f6 20. Nc4 Nxc4 21.
Bd5+ Kh8 22. Bxc4 Qb6 23. Qxa4 Qxb2 24. Qxa7 f5 25. Qxe7 Qxd4 26. Bb3 f4 27.
Rd1 Qe5 28. Qxe5 Bxe5 29. g4 Bf6 30. Rd3 Rd8 31. Bd5 Rd6 32. Kg2 Rb6 33. Bb3
Rb4 34. Kf3 Rd4 35. Rxd4 Bxd4 36. a4 g5 37. a5 Kg7 38. Ke2 Kf6 39. f3 Ke5 40.
Kd3 Ba7 41. Kc4 Kd6 42. Bc2 h6 43. h3 Bg1 44. Kd3 Ke5 45. Kc3 Bf2 46. Kb4 Kd6
47. Kb5 Kc7 48. Ka6 Kb8 49. Be4 Bg1 50. Kb5 Kc7 1/2-1/2

[Event "East Lansing (MEX/3)"]
[Site "?"]
[Date "1981.??.??"]
[Round "?"]
[White "Marfia, J.."]
[Black "Whitehouse, D.."]
[Result "1-0"]
[WhiteElo "2225"]
[BlackElo "2260"]
[PlyCount "97"]
[EventDate "1981.??.??"]

1. e4 e6 2. d4 d5 3. Nc3 Bb4 4. Nge2 dxe4 5. a3 Bxc3+ 6. Nxc3 Nc6 7. Bb5 Nge7
8. Bg5 f6 9. Be3 O-O 10. Qd2 Nd5 11. Bxc6 bxc6 12. Nxe4 f5 13. Bg5 Qe8 14. Nc5
f4 15. O-O Qh5 16. c4 Qxg5 17. cxd5 exd5 18. f3 Rf6 19. Rae1 Bf5 20. Re5 Qh4
21. Qf2 Qh5 22. Rfe1 Rh6 23. h3 Qg6 24. Kh2 Rf8 25. R1e2 Qf6 26. Qe1 g5 27. Re8
g4 28. fxg4 Bxg4 29. Rxf8+ Kxf8 30. Re8+ Kf7 31. Ra8 Qd6 32. Qe8+ Kf6 33. Qh8+
Kf5 34. Rf8+ Kg5 35. Rg8+ Rg6 36. Rxg6+ hxg6 37. hxg4 f3+ 38. g3 Kxg4 39. Qh3+
Kg5 40. Qh4+ Kf5 41. Kg1 g5 42. Qh3+ Kf6 43. Qg4 Qe7 44. Qxf3+ Kg6 45. Kf2 Qg7
46. Qe3 Qf8+ 47. Kg2 Qb8 48. b4 Qb5 49. Qd3+ 1-0

[Event "East Lansing (MEX/4)"]
[Site "?"]
[Date "1981.??.??"]
[Round "?"]
[White "Marfia, J.."]
[Black "Martinovsky, E.."]
[Result "0-1"]
[WhiteElo "2225"]
[BlackElo "2410"]
[PlyCount "60"]
[EventDate "1981.??.??"]

1. e4 c6 2. d4 d5 3. exd5 cxd5 4. Bf4 Qb6 5. Nc3 Nf6 6. Qd2 Bf5 7. O-O-O Nbd7
8. Bd3 Bg6 9. Bxg6 hxg6 10. Nf3 e6 11. Ne5 Bb4 12. Nxd7 Nxd7 13. a3 Be7 14. Qd3
Rc8 15. h4 a6 16. g3 Qc6 17. Bd2 Nb6 18. Na2 Nc4 19. Bb4 Bf6 20. b3 Nd6 21.
Bxd6 Qxd6 22. Nb4 O-O 23. c3 e5 24. dxe5 Bxe5 25. c4 Rfd8 26. Qxd5 Qf6 27. Qxb7
Bb2+ 28. Kb1 Bxa3 29. Nd3 Rxd3 30. Qxc8+ Kh7 0-1

[Event "East Lansing (MEX/1)"]
[Site "?"]
[Date "1981.??.??"]
[Round "?"]
[White "Marfia, J.."]
[Black "Hahn, David"]
[Result "1-0"]
[WhiteElo "2225"]
[BlackElo "2075"]
[PlyCount "71"]
[EventDate "1981.??.??"]

1. c4 Nf6 2. Nc3 g6 3. e4 d6 4. d4 Bg7 5. f3 O-O 6. Be3 e5 7. d5 c6 8. Qd2 cxd5
9. cxd5 Nbd7 10. Nh3 a6 11. Nf2 b5 12. Nd3 Nb6 13. b3 Bd7 14. Be2 Nh5 15. O-O
Nf4 16. Rac1 Nxe2+ 17. Nxe2 a5 18. Rc2 f5 19. Rfc1 fxe4 20. fxe4 b4 21. Nb2 Bb5
22. Nc4 Nxc4 23. bxc4 Ba4 24. Rb2 Qh4 25. Ng3 Rf7 26. c5 dxc5 27. Rxc5 Bf8 28.
d6 Rd8 29. Rd5 h6 30. Rxa5 Rxd6 31. Rd5 Rc6 32. Rd8 Ra6 33. Bxh6 Raa7 34. Bxf8
Rxf8 35. Qd5+ Raf7 36. Rxf8+ 1-0

[Event "East Lansing (MEX/4)"]
[Site "?"]
[Date "1981.??.??"]
[Round "?"]
[White "Hill, C.."]
[Black "Gabbara, Faris"]
[Result "0-1"]
[WhiteElo "2165"]
[BlackElo "2155"]
[PlyCount "134"]
[EventDate "1981.??.??"]

1. e4 c5 2. Nf3 e6 3. d4 cxd4 4. Nxd4 a6 5. Bd3 Qc7 6. O-O Nc6 7. Be3 Nf6 8.
Qe2 Be7 9. Nc3 O-O 10. f4 d6 11. Rad1 Nxd4 12. Bxd4 e5 13. fxe5 dxe5 14. Rxf6
Bxf6 15. Nd5 Qc6 16. Rf1 exd4 17. Rxf6 Qa4 18. e5 Qd7 19. Qe4 g6 20. Nb6 Qe7
21. Nxa8 Bf5 22. Qxd4 Bxd3 23. cxd3 Rxa8 24. Qd6 Qd8 25. Qxd8+ Rxd8 26. Rf3 Rd5
27. Re3 Kf8 28. Kf2 Ke7 29. Kf3 Ke6 30. Kf4 h6 31. h4 Rd4+ 32. Kf3 a5 33. g3 b5
34. b3 Kf5 35. Kf2 Rd5 36. Kf3 h5 37. e6 fxe6 38. Kf2 Kf6 39. Kg2 Rc5 40. Re2
Rc3 41. d4 Rd3 42. Re5 Rxd4 43. Rxb5 Rd2+ 44. Kf3 Rxa2 45. Ke4 Ra3 46. Kf4 Ra1
47. Ke4 Ra2 48. Rc5 Ra3 49. Kf4 Ra1 50. Ke4 Rg1 51. Kf4 Rf1+ 52. Ke4 Rf5 53.
Rc4 Rb5 54. Rc3 Rb4+ 55. Ke3 e5 56. Ke2 Kf5 57. Kf3 Rd4 58. Rc5 Rd3+ 59. Kf2
Rd2+ 60. Kf3 Ra2 61. Rc3 Ra3 62. Kf2 a4 63. Rf3+ Ke4 64. Rf6 axb3 65. Kg2 Ra2+
66. Kh3 b2 67. Rb6 Kd3 0-1

[Event "East Lansing (MEX/2)"]
[Site "?"]
[Date "1981.??.??"]
[Round "?"]
[White "Hill, C.."]
[Black "Fairclough, N.."]
[Result "1-0"]
[WhiteElo "2165"]
[BlackElo "2000"]
[PlyCount "45"]
[EventDate "1981.??.??"]

1. e4 c5 2. Nf3 d6 3. d4 cxd4 4. Nxd4 Nf6 5. Nc3 a6 6. Bg5 e6 7. f4 Qb6 8. Qd2
Qxb2 9. Nb3 Qa3 10. Bxf6 gxf6 11. Be2 Nc6 12. O-O Bd7 13. Bh5 Na5 14. f5 Be7
15. fxe6 Bxe6 16. Nd5 Nxb3 17. axb3 Qc5+ 18. Kh1 Bxd5 19. exd5 O-O 20. Ra4 Rae8
21. Rc4 Qb6 22. Qh6 Kh8 23. Rh4 1-0

[Event "East Lansing (MEX/4)"]
[Site "?"]
[Date "1981.??.??"]
[Round "?"]
[White "Hahn, David"]
[Black "Rawley, L.."]
[Result "1-0"]
[WhiteElo "2070"]
[BlackElo "2145"]
[PlyCount "41"]
[EventDate "1981.??.??"]

1. e4 e5 2. Nc3 Nf6 3. g3 d5 4. exd5 Nxd5 5. Bg2 Be6 6. Nf3 Nc6 7. O-O Be7 8.
Re1 Nxc3 9. bxc3 Qd6 10. a4 f6 11. Ba3 Qd7 12. Bxe7 Qxe7 13. d4 O-O 14. dxe5
fxe5 15. Nxe5 Nxe5 16. Rxe5 Rxf2 17. Bh3 Rf6 18. Bxe6+ Rxe6 19. Qd5 Re8 20.
Rae1 Kf7 21. Rxe6 1-0

[Event "East Lansing (MEX/2)"]
[Site "?"]
[Date "1981.??.??"]
[Round "?"]
[White "Hahn, David"]
[Black "Beaver, Andrew"]
[Result "1-0"]
[WhiteElo "2075"]
[BlackElo "1985"]
[PlyCount "57"]
[EventDate "1981.??.??"]

1. e4 e5 2. Nc3 Nf6 3. g3 d5 4. exd5 Nxd5 5. Bg2 Nxc3 6. bxc3 Bc5 7. Ne2 Qe7 8.
d4 Bd6 9. O-O O-O 10. Re1 f6 11. Nf4 c6 12. Nd3 Qc7 13. a4 Na6 14. f4 exf4 15.
Bxf4 Bf5 16. Bxd6 Qxd6 17. Qf3 Be6 18. Nf4 Bd7 19. Bf1 Nc7 20. Bc4+ Kh8 21. Qh5
f5 22. Bf7 Qh6 23. Qxh6 gxh6 24. Re7 Rad8 25. Rae1 a5 26. Bb3 b6 27. Rxh7+ Kxh7
28. Re7+ Kh8 29. Ng6# 1-0

[Event "East Lansing (MEX/1)"]
[Site "?"]
[Date "1981.??.??"]
[Round "?"]
[White "Gajic, Z.."]
[Black "Wolfrom, David"]
[Result "0-1"]
[WhiteElo "2340"]
[BlackElo "2080"]
[PlyCount "128"]
[EventDate "1981.??.??"]

1. e4 c5 2. Nc3 Nc6 3. f4 g6 4. Nf3 Bg7 5. Bb5 Nd4 6. O-O a6 7. Be2 e6 8. e5 d5
9. d3 Ne7 10. Nb1 Qc7 11. c3 Nxf3+ 12. Bxf3 h5 13. Be3 Bd7 14. Nd2 Nf5 15. Qe2
Bf8 16. Bf2 Be7 17. c4 dxc4 18. dxc4 Bc6 19. Ne4 b6 20. Rad1 O-O 21. Ng3 Nh4
22. Be4 Kg7 23. Rd3 Rad8 24. Rfd1 Rxd3 25. Rxd3 Qb7 26. Be1 Rd8 27. Rxd8 Bxd8
28. Bc3 Be7 29. h3 b5 30. b3 Qd7 31. Bxc6 Qxc6 32. Ne4 Nf5 33. g4 hxg4 34. hxg4
Nd4 35. Qd3 bxc4 36. bxc4 Qa4 37. Bxd4 cxd4 38. Qb3 Qc6 39. Qc2 Bc5 40. Qd3 Bb6
41. Kf2 Ba7 42. Kf3 Qa4 43. Qb3 Qa5 44. Ke2 Bb6 45. g5 Ba7 46. a3 Qc7 47. Kd3
Bc5 48. a4 Qa5 49. Qb1 Bb6 50. Qh1 Kf8 51. Qh8+ Ke7 52. Qf6+ Kf8 53. Qh8+ Ke7
54. Qb8 Bc7 55. Qc8 Qb6 56. Nd2 Qa5 57. Ke2 Bb6 58. Ne4 Qb4 59. Qxa6 Qb3 60.
Qb7+ Kf8 61. Nd2 Qe3+ 62. Kd1 d3 63. Qf3 Qd4 64. Nf1 Qc3 0-1

[Event "East Lansing (MEX/2)"]
[Site "?"]
[Date "1981.??.??"]
[Round "?"]
[White "Gabbara, Faris"]
[Black "Pinto, M.."]
[Result "1-0"]
[WhiteElo "2155"]
[BlackElo "2025"]
[PlyCount "63"]
[EventDate "1981.??.??"]

1. e4 c5 2. Nf3 Nc6 3. d4 cxd4 4. Nxd4 e5 5. Nb3 Qf6 6. a3 Qg6 7. Nc3 Nf6 8.
Qd3 Be7 9. f3 h5 10. Be3 a6 11. O-O-O d6 12. g3 Be6 13. Qd2 Rd8 14. Nd5 Rd7 15.
Bd3 Bd8 16. c4 Nh7 17. f4 f5 18. Qc2 O-O 19. c5 fxe4 20. Bxe4 Bf5 21. Bxf5 Qxf5
22. Qc4 Kh8 23. cxd6 exf4 24. Nxf4 Bg5 25. Rd5 Ne5 26. Rxe5 Bxf4 27. Rxf5 Bxe3+
28. Kb1 Rxf5 29. Qc8+ Nf8 30. Re1 Bg5 31. Nc5 Rxc5 32. Qxc5 1-0

[Event "East Lansing (MEX/5)"]
[Site "?"]
[Date "1981.??.??"]
[Round "?"]
[White "Gabbara, Faris"]
[Black "Czuhai, Kevin"]
[Result "1-0"]
[WhiteElo "2155"]
[BlackElo "2135"]
[PlyCount "121"]
[EventDate "1981.??.??"]

1. e4 c5 2. Nf3 d6 3. d4 cxd4 4. Nxd4 Nf6 5. Nc3 g6 6. f3 Bg7 7. Be3 Nc6 8. Qd2
Bd7 9. a4 O-O 10. Bc4 Rc8 11. Bb3 Na5 12. O-O a6 13. Rad1 Re8 14. Qf2 Nc4 15.
Bxc4 Rxc4 16. Ra1 Qa5 17. Nb3 Qc7 18. Bb6 Qc8 19. Rfd1 Be6 20. Bd4 Rb4 21. Ra3
Bxb3 22. Rxb3 Qc4 23. Rxb4 Qxb4 24. Qd2 Rc8 25. e5 dxe5 26. Bxe5 Ng4 27. Bxg7
Kxg7 28. fxg4 Qxb2 29. Qd4+ Kg8 30. Nd5 Qxd4+ 31. Rxd4 Rxc2 32. Nxe7+ Kf8 33.
Nd5 b5 34. axb5 axb5 35. g5 Kg7 36. Nf6 h6 37. h4 hxg5 38. hxg5 Kf8 39. Re4 Rc8
40. Re5 b4 41. Re4 b3 42. Rb4 Rc1+ 43. Kh2 b2 44. Rxb2 Ra1 45. Rb8+ Ke7 46.
Re8+ Kd6 47. Re3 Ra5 48. Kh3 Ra4 49. g3 Rb4 50. Re4 Rb1 51. Kg4 Rb5 52. Ng8 Rb8
53. Nh6 Rf8 54. Rf4 Ke6 55. Rf6+ Ke7 56. Kf4 Ke8 57. Ke5 Ke7 58. g4 Ra8 59.
Rxf7+ Ke8 60. Kf6 Ra6+ 61. Kg7 1-0

[Event "East Lansing (MEX/3)"]
[Site "?"]
[Date "1981.??.??"]
[Round "?"]
[White "Fischvogt, Eric"]
[Black "Wolfrom, David"]
[Result "0-1"]
[WhiteElo "2025"]
[BlackElo "2080"]
[PlyCount "76"]
[EventDate "1981.??.??"]

1. d4 Nf6 2. c4 c5 3. Nf3 e6 4. g3 d5 5. cxd5 exd5 6. Bg2 Nc6 7. Nc3 Be7 8. O-O
O-O 9. h3 a6 10. Be3 c4 11. Ne5 Na5 12. Bg5 Be6 13. Qd2 b5 14. Bxf6 Bxf6 15. e4
dxe4 16. Nxe4 Be7 17. Rad1 Bd5 18. Nc3 Bxg2 19. Kxg2 b4 20. Ne2 Qd5+ 21. Kh2
Rfd8 22. Nf4 Qd6 23. Rfe1 Rac8 24. Qe2 Bf6 25. Nxf7 Kxf7 26. Qh5+ Kg8 27. Qxa5
c3 28. bxc3 bxc3 29. Re6 c2 30. Rc1 Qxd4 31. Qe1 Qc3 32. Nd5 Qxe1 33. Nxf6+
gxf6 34. Rexe1 Rd2 35. Kg1 Rcd8 36. Kf1 Kf7 37. Re2 Rd1+ 38. Re1 Rxc1 0-1

[Event "East Lansing (MEX/2)"]
[Site "?"]
[Date "1981.??.??"]
[Round "?"]
[White "Fischvogt, Eric"]
[Black "Wasserman, J.."]
[Result "1-0"]
[WhiteElo "2025"]
[BlackElo "2000"]
[PlyCount "77"]
[EventDate "1981.??.??"]

1. d4 Nf6 2. c4 e6 3. g3 d5 4. Bg2 Bb4+ 5. Bd2 Bxd2+ 6. Qxd2 O-O 7. Nf3 b6 8.
O-O Bb7 9. Nc3 dxc4 10. Ne5 Bxg2 11. Kxg2 c5 12. Rfd1 Qc7 13. Nxc4 cxd4 14.
Qxd4 Nc6 15. Nb5 Nxd4 16. Nxc7 Rac8 17. Rxd4 Rxc7 18. Rad1 g6 19. e4 b5 20. Ne3
e5 21. Nd5 exd4 22. Nxc7 Rc8 23. Nxb5 Rc2 24. Rxd4 Ng4 25. Nxa7 Rxf2+ 26. Kg1
Rxb2 27. a4 Nxh2 28. Rd8+ Kg7 29. Nc6 Ng4 30. a5 h5 31. a6 Ne3 32. a7 Rg2+ 33.
Kh1 Rf2 34. a8=Q Rf1+ 35. Kh2 Ng4+ 36. Kh3 Ne3 37. Rg8+ Kh6 38. Qf8+ Kg5 39.
Qc5+ 1-0

[Event "East Lansing (MEX/2)"]
[Site "?"]
[Date "1981.??.??"]
[Round "?"]
[White "Finegold, Ron"]
[Black "Gajic, Z.."]
[Result "1-0"]
[WhiteElo "2180"]
[BlackElo "2340"]
[PlyCount "147"]
[EventDate "1981.??.??"]

1. e4 Nf6 2. Nc3 d5 3. e5 Nfd7 4. e6 fxe6 5. d4 c5 6. Nf3 cxd4 7. Nxd4 Nf6 8.
Bb5+ Kf7 9. Nf3 Qd6 10. Qd4 Nc6 11. Bxc6 bxc6 12. Ne5+ Kg8 13. Nd3 e5 14. Qxe5
Qxe5+ 15. Nxe5 c5 16. Bg5 Bb7 17. f3 d4 18. Na4 Rc8 19. b3 g6 20. O-O-O Nd5 21.
Bd2 e6 22. Nc4 Ba6 23. Nab2 Nb6 24. Rde1 Bxc4 25. Nxc4 Nxc4 26. bxc4 Kf7 27.
Bf4 Rc6 28. Kd2 Ra6 29. Rb1 Kf6 30. Rhe1 Kf5 31. Re5+ Kf6 32. Re4 Rg8 33. Rb7
g5 34. Be5+ Kg6 35. Bb8 Rg7 36. Rxg7+ Kxg7 37. h4 gxh4 38. Be5+ Kg6 39. Rxh4
Bh6+ 40. f4 Rxa2 41. Rg4+ Kf5 42. Rh4 Bf8 43. Rxh7 Ke4 44. Rh3 Be7 45. Bc7 Ra1
46. Rh7 Bf8 47. Rf7 Bh6 48. Rf6 Bg7 49. Rg6 Bf8 50. Rxe6+ Kf5 51. Re8 Bg7 52.
g4+ Kg6 53. Bd6 Rg1 54. Re6+ Kf7 55. Re7+ Kg8 56. g5 Rg2+ 57. Kd3 Rg3+ 58. Ke2
a5 59. Bxc5 Rc3 60. Ra7 Rxc4 61. Rxa5 Rxc2+ 62. Kd3 Rc3+ 63. Ke4 Re3+ 64. Kf5
Re8 65. Ra7 Rc8 66. Be7 Rc6 67. Rd7 Ra6 68. Rd6 Rxd6 69. Bxd6 d3 70. Bb4 Bb2
71. Bd2 Kf7 72. Ke4 Kg6 73. f5+ Kf7 74. Kxd3 1-0

[Event "East Lansing (MEX/4)"]
[Site "?"]
[Date "1981.??.??"]
[Round "?"]
[White "Finegold, Ron"]
[Black "Finegold, Ben"]
[Result "1-0"]
[WhiteElo "2180"]
[BlackElo "1990"]
[PlyCount "93"]
[EventDate "1981.??.??"]

1. e4 e6 2. d3 c5 3. g3 d5 4. exd5 exd5 5. Bg2 Nf6 6. Ne2 Nc6 7. O-O Be7 8.
Nbc3 d4 9. Ne4 O-O 10. Nf4 Re8 11. Nxf6+ Bxf6 12. Nd5 Be6 13. Nxf6+ Qxf6 14. a3
c4 15. Be4 Re7 16. h4 h6 17. Qh5 Ree8 18. Bf4 Rad8 19. Rfe1 cxd3 20. cxd3 g6
21. Qxh6 Qg7 22. Qg5 a6 23. Qc5 Rc8 24. Qb6 f5 25. Bg2 Qd7 26. Rac1 Bf7 27.
Rxe8+ Bxe8 28. Re1 Bf7 29. Bg5 Kf8 30. Bf6 Be8 31. Qc5+ Kg8 32. Qd5+ Qxd5 33.
Bxd5+ Bf7 34. Bg2 Bb3 35. Rc1 Kf7 36. Bxd4 Rd8 37. Bxc6 bxc6 38. Rc3 Ba4 39.
Be3 Bb5 40. d4 Ke6 41. b3 Rc8 42. Rc5 Kd7 43. Bf4 Re8 44. Be5 Re6 45. f3 Be2
46. Kf2 Bb5 47. Rc3 1-0

[Event "East Lansing (MEX/5)"]
[Site "?"]
[Date "1981.??.??"]
[Round "?"]
[White "Finegold, Mark"]
[Black "Fairclough, N.."]
[Result "1-0"]
[WhiteElo "1980"]
[BlackElo "2000"]
[PlyCount "39"]
[EventDate "1981.??.??"]

1. e4 c5 2. Nf3 d6 3. d4 cxd4 4. Nxd4 Nf6 5. Nc3 a6 6. h3 e6 7. g4 Nc6 8. g5
Nd7 9. Be3 Nde5 10. Be2 h6 11. gxh6 g6 12. Nxc6 bxc6 13. Qd2 a5 14. Rd1 Ba6 15.
Bf4 Bxh6 16. Bxh6 Bxe2 17. Kxe2 Qh4 18. Bf4 Qh5+ 19. Kf1 Qf3 20. Bxe5 1-0

[Event "East Lansing (MEX/1)"]
[Site "?"]
[Date "1981.??.??"]
[Round "?"]
[White "Finegold, Mark"]
[Black "Czuhai, Kevin"]
[Result "0-1"]
[WhiteElo "1980"]
[BlackElo "2135"]
[PlyCount "86"]
[EventDate "1981.??.??"]

1. e4 c5 2. Nf3 d6 3. d4 cxd4 4. Nxd4 Nf6 5. Nc3 g6 6. Be3 Bg7 7. Be2 O-O 8.
O-O Nc6 9. f4 Qb6 10. a3 Nxe4 11. Nd5 Qd8 12. Bf3 f5 13. Nc3 Bxd4 14. Bxd4 e5
15. Be3 Nxc3 16. bxc3 Be6 17. Bd5 Qd7 18. Rb1 b6 19. Rb5 Rad8 20. c4 Ne7 21.
Qe2 Rfe8 22. a4 Bxd5 23. cxd5 Nc8 24. Qd2 Qc7 25. Qd3 Qe7 26. Rfb1 exf4 27.
Bxf4 Qe4 28. Bg5 Qxd3 29. cxd3 Rd7 30. Kf2 Rc7 31. R1b2 Rc3 32. R5b3 Rc5 33.
Rb5 Rc3 34. R5b3 Rxb3 35. Rxb3 Ne7 36. Rb5 Kf7 37. a5 Rb8 38. Bf4 Nc8 39. a6
Kf6 40. h4 Ke7 41. Kg3 Kd7 42. Be3 Ne7 43. Rb4 Nxd5 0-1

[Event "East Lansing (MEX/4)"]
[Site "?"]
[Date "1981.??.??"]
[Round "?"]
[White "Finegold, Mark"]
[Black "Beaver, Andrew"]
[Result "1/2-1/2"]
[WhiteElo "1980"]
[BlackElo "1985"]
[PlyCount "84"]
[EventDate "1981.??.??"]

1. e4 e5 2. Nf3 Nf6 3. d4 exd4 4. Bc4 Bb4+ 5. c3 dxc3 6. bxc3 Be7 7. e5 Ng4 8.
Qd4 d6 9. e6 Nf6 10. exf7+ Kf8 11. O-O Nc6 12. Qd3 Bg4 13. Bf4 Qd7 14. Nh4 Bh5
15. Re1 Bxf7 16. Bxf7 Kxf7 17. Nf3 Rhe8 18. Qc4+ d5 19. Qxc6 Qxc6 20. Ne5+ Kg8
21. Nxc6 bxc6 22. Nd2 Bd6 23. Bxd6 cxd6 24. f3 Rxe1+ 25. Rxe1 Re8 26. Rxe8+
Nxe8 27. Kf2 Kf7 28. f4 Nf6 29. Kf3 Ke6 30. g4 h5 31. g5 Nd7 32. Nf1 g6 33. Ne3
Nc5 34. h4 Ne4 35. f5+ gxf5 36. Kf4 Nf2 37. Nxf5 Nh3+ 38. Kg3 Kxf5 39. Kxh3 c5
40. Kg3 d4 41. cxd4 c4 42. Kf3 d5 1/2-1/2

[Event "East Lansing (MEX/2)"]
[Site "?"]
[Date "1981.??.??"]
[Round "?"]
[White "Finegold, Ben"]
[Black "Dean, James"]
[Result "1-0"]
[WhiteElo "1990"]
[BlackElo "1975"]
[PlyCount "101"]
[EventDate "1981.??.??"]

1. e4 c5 2. Nf3 e6 3. d4 cxd4 4. Nxd4 a6 5. Nc3 Qc7 6. Be3 Nf6 7. f3 Ba3 8. Na4
Bxb2 9. Nxb2 Qc3+ 10. Qd2 Qxb2 11. Rd1 O-O 12. Bc4 Nc6 13. Nxc6 bxc6 14. Bd4
Qa3 15. O-O d5 16. Bxf6 gxf6 17. Bd3 Kg7 18. e5 Qe7 19. f4 f5 20. Rf3 Rh8 21.
Qc3 c5 22. Rb1 c4 23. Be2 Qc5+ 24. Kh1 Bd7 25. Rg3+ Kf8 26. Rg5 Ke7 27. Qg3
Rab8 28. Rf1 Kd8 29. Rg8+ Rxg8 30. Qxg8+ Be8 31. Bh5 Qe7 32. h3 Rb2 33. c3 Rxa2
34. Rb1 Kc7 35. Qg3 Ra5 36. Qf2 Qc5 37. Qh4 Rb5 38. Ra1 a5 39. Qf6 Qf8 40. g4
fxg4 41. hxg4 Kd7 42. g5 Kc7 43. f5 exf5 44. e6 Rb6 45. e7 Qg8 46. Qe5+ Kb7 47.
Rg1 Bc6 48. Bf3 Qe8 49. Re1 Rb5 50. Qd6 Bd7 51. Qxd7+ 1-0

[Event "East Lansing (MEX/3)"]
[Site "?"]
[Date "1981.??.??"]
[Round "?"]
[White "Finegold, Ben"]
[Black "Arganian, David G"]
[Result "1/2-1/2"]
[WhiteElo "1990"]
[BlackElo "1965"]
[PlyCount "107"]
[EventDate "1981.??.??"]

1. d4 d5 2. Nf3 Nf6 3. g3 c5 4. Bg2 cxd4 5. Nxd4 e5 6. Nb3 Nc6 7. Bg5 Be6 8.
Nc3 d4 9. Ne4 Be7 10. Qd3 Nxe4 11. Bxe7 Nxf2 12. Qb5 Qb6 13. Bxc6+ bxc6 14.
Qxe5 Kxe7 15. Kxf2 Rad8 16. Qc5+ Qxc5 17. Nxc5 Rd5 18. Nxe6 fxe6 19. Rad1 Rf8+
20. Kg2 Re5 21. Rhe1 c5 22. Rd3 a5 23. Rb3 c4 24. Rb7+ Kd6 25. Rxg7 d3 26. cxd3
cxd3 27. e4 Rc5 28. Rd1 Rc2+ 29. Kg1 d2 30. Kg2 Rxb2 31. a4 Kc5 32. Rd7 Kc4 33.
R7xd2 Rxd2+ 34. Rxd2 Kb4 35. Rd4+ Kc3 36. Rd6 Kb4 37. Rxe6 Kxa4 38. e5 Kb3 39.
Ra6 a4 40. Rb6+ Kc4 41. Ra6 Kb4 42. e6 a3 43. e7 Re8 44. Ra7 Kb3 45. Kf3 a2 46.
Rb7+ Ka3 47. Ra7+ Kb3 48. Rb7+ Kc2 49. Rc7+ Kb2 50. Rb7+ Kc1 51. Rc7+ Kb1 52.
Rb7+ Kc2 53. Rc7+ Kb3 54. Rb7+ 1/2-1/2

[Event "East Lansing (MEX/4)"]
[Site "?"]
[Date "1981.??.??"]
[Round "?"]
[White "Fairclough, N.."]
[Black "Fischvogt, Eric"]
[Result "0-1"]
[WhiteElo "2000"]
[BlackElo "2025"]
[PlyCount "28"]
[EventDate "1981.??.??"]

1. e4 e5 2. Nf3 Nc6 3. Bb5 Nf6 4. O-O Nxe4 5. Re1 Nd6 6. Nxe5 Nxe5 7. Rxe5+ Be7
8. d4 Nxb5 9. Bg5 f6 10. Bxf6 gxf6 11. Qh5+ Kf8 12. Qh6+ Kg8 13. Re3 d5 14. Nd2
Bf5 0-1

[Event "East Lansing (MEX/1)"]
[Site "?"]
[Date "1981.??.??"]
[Round "?"]
[White "Fairclough, N.."]
[Black "Finegold, Ron"]
[Result "1-0"]
[WhiteElo "2000"]
[BlackElo "2180"]
[PlyCount "131"]
[EventDate "1981.??.??"]

1. e4 c6 2. d4 d5 3. Nd2 g6 4. Ngf3 Bg7 5. h3 dxe4 6. Nxe4 Nf6 7. Nxf6+ Bxf6 8.
Bh6 Bf5 9. g4 Be4 10. g5 Bxd4 11. c3 Bb6 12. Qe2 Bxf3 13. Qxf3 Qd5 14. Qxd5
cxd5 15. O-O-O e6 16. c4 dxc4 17. Bxc4 Nd7 18. Bg7 Rg8 19. Bf6 Rc8 20. b3 Bd8
21. Kb1 Bxf6 22. Bb5 Bxg5 23. Bxd7+ Ke7 24. Bxc8 Rxc8 25. Rd4 Rc7 26. Rhd1 h5
27. Rc4 Rxc4 28. bxc4 f5 29. Kc2 h4 30. Rd3 Bf4 31. Ra3 Bb8 32. Rb3 b6 33. a4
Bc7 34. Rd3 g5 35. f3 Bd6 36. Kd1 Bc5 37. Ke2 a5 38. Kf1 Kf6 39. Kg2 e5 40. Rd8
e4 41. fxe4 fxe4 42. Rd5 Be3 43. Kf1 Bf4 44. Kg2 Ke6 45. Rb5 Be3 46. Rd5 Kf6
47. Kf1 Ke6 48. Kg2 Kf6 49. Kf1 Bc5 50. Kg2 Bb4 51. Kf2 Bc5+ 52. Kg2 Ba3 53.
Kf2 Bc5+ 54. Kg2 Be3 55. Kf1 Bf4 56. Kg2 Be3 57. Kf1 Bf4 58. Ke2 Bg3 59. Rb5
Bc7 60. Kf2 g4 61. hxg4 h3 62. Rh5 b5 63. cxb5 Bb6+ 64. Ke2 h2 65. Rxh2 Kg5 66.
Rh5+ 1-0

[Event "East Lansing (MEX/3)"]
[Site "?"]
[Date "1981.??.??"]
[Round "?"]
[White "Fairclough, N.."]
[Black "Czuhai, Kevin"]
[Result "0-1"]
[WhiteElo "2000"]
[BlackElo "2135"]
[PlyCount "70"]
[EventDate "1981.??.??"]

1. e4 c5 2. Nf3 d6 3. d4 cxd4 4. Nxd4 Nf6 5. Nc3 g6 6. Be2 Bg7 7. O-O O-O 8.
Nb3 Nc6 9. Bg5 Be6 10. Kh1 Na5 11. Nd5 Bxd5 12. exd5 Nxb3 13. axb3 Ne4 14. Bc1
a5 15. Ra4 Nc5 16. Rh4 e5 17. Rh3 f5 18. Be3 Rc8 19. Bxc5 Rxc5 20. Rc3 Qc7 21.
Qd2 Rc8 22. Rxc5 Qxc5 23. c3 Bf6 24. Kg1 b5 25. Ra1 Bd8 26. Rf1 Kg7 27. Qd3 Rb8
28. g4 fxg4 29. Bxg4 Bb6 30. Be6 Rf8 31. Qg3 Rf4 32. Kg2 b4 33. h4 h5 34. Qg5
Rxf2+ 35. Kh3 Bd8 0-1

[Event "East Lansing (MEX/4)"]
[Site "?"]
[Date "1981.??.??"]
[Round "?"]
[White "DuPuis, P.."]
[Black "Schick, A.."]
[Result "1-0"]
[WhiteElo "2095"]
[BlackElo "2095"]
[PlyCount "59"]
[EventDate "1981.??.??"]

1. e4 g6 2. d4 Bg7 3. Nc3 d6 4. Be2 Nf6 5. Bg5 c6 6. Nf3 Nbd7 7. O-O h6 8. Bf4
Qc7 9. Qd2 g5 10. Be3 Nf8 11. Ne1 Bg4 12. f3 Bh5 13. Nd3 N6d7 14. f4 Bxe2 15.
Qxe2 Ne6 16. e5 gxf4 17. d5 cxd5 18. Nxd5 Qa5 19. c4 dxe5 20. Bd2 Qd8 21. Bb4
Nd4 22. Qg4 Bf6 23. Rad1 Nc6 24. Bc3 h5 25. Qh3 e6 26. N3xf4 exf4 27. Nxf6+
Qxf6 28. Bxf6 Nxf6 29. Rxf4 Ng4 30. Rxg4 1-0

[Event "East Lansing (MEX/5)"]
[Site "?"]
[Date "1981.??.??"]
[Round "?"]
[White "DuPuis, P.."]
[Black "Finegold, Ron"]
[Result "1-0"]
[WhiteElo "2095"]
[BlackElo "2180"]
[PlyCount "59"]
[EventDate "1981.??.??"]

1. e4 c6 2. d4 d5 3. Nc3 b5 4. a3 e6 5. e5 b4 6. axb4 Bxb4 7. Bd2 Ne7 8. Nf3
Nf5 9. Bd3 O-O 10. O-O a5 11. Re1 c5 12. Bg5 f6 13. exf6 gxf6 14. Bxf5 exf5 15.
Bh6 Bxc3 16. bxc3 Re8 17. Rxe8+ Qxe8 18. dxc5 Be6 19. Nd4 Nc6 20. Qf3 Nxd4 21.
cxd4 a4 22. Qg3+ Qg6 23. Qd6 Qe8 24. Ra3 f4 25. Qxf4 Bf7 26. h4 Bg6 27. Qxf6
Qf7 28. Qc6 Re8 29. Rf3 Re6 30. Qxe6 1-0

[Event "East Lansing (MEX/2)"]
[Site "?"]
[Date "1981.??.??"]
[Round "?"]
[White "DuPuis, P.."]
[Black "Finegold, Mark"]
[Result "1-0"]
[WhiteElo "2095"]
[BlackElo "1980"]
[PlyCount "99"]
[EventDate "1981.??.??"]

1. e4 c5 2. Nf3 Nc6 3. d4 cxd4 4. Nxd4 Nf6 5. Nc3 e5 6. Ndb5 d6 7. Nd5 Nxd5 8.
exd5 Nb8 9. c4 a6 10. Nc3 Be7 11. Be2 Nd7 12. O-O O-O 13. Be3 f5 14. f3 Bg5 15.
Qc1 Bxe3+ 16. Qxe3 f4 17. Qf2 Nf6 18. Bd3 Bd7 19. Rfe1 Rc8 20. b4 Qc7 21. Rac1
b6 22. a4 Rfe8 23. Qh4 Qd8 24. Rc2 a5 25. bxa5 bxa5 26. Rb1 h6 27. Rcb2 Nh7 28.
Qxd8 Rexd8 29. Rb6 Be8 30. Nb5 Bxb5 31. R1xb5 Ra8 32. Rc6 Nf6 33. Rb7 Ne8 34.
Bg6 Rac8 35. Bf7+ Kh8 36. Be6 Ra8 37. Rcb6 Kh7 38. Bf5+ Kh8 39. Kf2 Kg8 40. Ke2
Kh8 41. Kd3 Kg8 42. Kc3 Nf6 43. Re7 Rab8 44. Rbb7 Rxb7 45. Rxb7 Ra8 46. Bg6 Rc8
47. Kd3 Ra8 48. Bf5 Kh8 49. Rb6 Ne8 50. Bg6 1-0

[Event "East Lansing (MEX/1)"]
[Site "?"]
[Date "1981.??.??"]
[Round "?"]
[White "Dean, James"]
[Black "Hill, C.."]
[Result "0-1"]
[WhiteElo "1975"]
[BlackElo "2165"]
[PlyCount "70"]
[EventDate "1981.??.??"]

1. e4 c5 2. Nf3 d6 3. d4 cxd4 4. Nxd4 Nf6 5. Nc3 a6 6. f4 e6 7. Be2 Nbd7 8. a4
b6 9. O-O Bb7 10. Bf3 Rc8 11. Kh1 Be7 12. g4 Rxc3 13. bxc3 Nxe4 14. Qe1 Qa8 15.
g5 O-O 16. h4 Rc8 17. Bb2 Bf8 18. Kh2 e5 19. Nf5 exf4 20. Bxe4 Bxe4 21. Rxf4
Re8 22. Qf2 Ne5 23. Ne3 d5 24. Ba3 Qb8 25. Kg1 Bxa3 26. Rxa3 Qd6 27. Rb3 Qe6
28. Nf5 Ng6 29. Nd4 Nxf4 30. Nxe6 Nh3+ 31. Kf1 Nxf2 32. Nc7 Rc8 33. Kxf2 Rxc7
34. Rxb6 g6 35. Rxa6 Rxc3 0-1